Matabagka and the god of the wind / (Record no. 103299)
[ view plain ]
| 000 -LEADER | |
|---|---|
| fixed length control field | 00497nam a2200157 a 4500 |
| 005 - DATE AND TIME OF LATEST TRANSACTION | |
| control field | 20140412111259.0 |
| 008 - FIXED-LENGTH DATA ELEMENTS--GENERAL INFORMATION | |
| fixed length control field | 010418s19uu xx 00 eng d |
| 020 ## - INTERNATIONAL STANDARD BOOK NUMBER | |
| International Standard Book Number | 971-8509-11-9 |
| 050 ## - LIBRARY OF CONGRESS CALL NUMBER | |
| Classification number | Fil E |
| Item number | Ma41 1987 |
| 100 ## - MAIN ENTRY--PERSONAL NAME | |
| Personal name | Batnag, Aurora |
| 245 ## - TITLE STATEMENT | |
| Title | Matabagka and the god of the wind / |
| Statement of responsibility, etc | by Aurora Batnag; illustrated by Melchor Silvestre. |
| 260 ## - PUBLICATION, DISTRIBUTION, ETC. (IMPRINT) | |
| Place of publication, distribution, etc | Philippines : |
| Name of publisher, distributor, etc | Basic Media Systems, Inc, |
| Date of publication, distribution, etc | 1987. |
| 300 ## - PHYSICAL DESCRIPTION | |
| Extent | 1v. (unp.) ; ill. |
| 650 ## - SUBJECT ADDED ENTRY--TOPICAL TERM | |
| Topical term or geographic name as entry element | Wind stories, Filipino |
| Withdrawn status | Lost status | Damaged status | Home library | Current library | Shelving location | Date acquired | Source of acquisition | Total Checkouts | Full call number | Barcode | Date last seen | Price effective from | Koha item type |
|---|---|---|---|---|---|---|---|---|---|---|---|---|---|
| Elizalde Library | Elizalde Library | Filipiniana Section | 04/18/2001 | Fil E Ma41 1987 | E4403 | 04/12/2014 | 04/12/2014 | Books |